=LDR 00000nam 2200000 4500 =001 INLIS000000000013074 =005 20130612104525 =008 ***********************************Ind** =035 ##$$0010-061300000013074 =041 ##$$a Ind =082 ##$$a 420 =090 ##$$a 420, Riy g =100 ##$$a Riyanto, Slamet =245 ##$$a Gateway English Through Stories, A Succesful Foreign Language Guide, Slamet Riyanto =260 ##$$a 2003 $b Yogyakarta =300 ##$$a 66 hlm, ilus, 21 cm =650 ##$$a Bahasa Inggris =850 ##$$a NBPNMAT